| 000 | 01025nam a22002651u 4500 | ||
|---|---|---|---|
| 001 | 12520 | ||
| 003 | HDC | ||
| 007 | cr bn --- | ||
| 008 | 210209p2004 my eng | ||
| 040 | _aHDC | ||
| 100 |
_aAdlin Azlina Abdul Kadir, _eauthor _913150 |
||
| 245 | 0 |
_aCloning and characterization of the 5S rRNA genes from Eimeria spp. / _cby Adlin Azlina Abdul Kadir, Zainal-Abidin Abu Hasan, Zulkiflie Zamrod, Mohd. Sanusi Jangi and Fiona Tomley |
|
| 260 |
_aSerdang : _bMalaysian Agricultural Research and Development Institute (MARDI), _c2004 |
||
| 300 | _a1 page | ||
| 336 |
_atext _2rdacontent |
||
| 337 |
_acomputer _2rdamedia |
||
| 338 |
_aonline resource _2rdacarrier |
||
| 650 |
_aAvian Eimeria _913151 |
||
| 650 |
_aCoccidiosis _97373 |
||
| 650 |
_aRibosomal RNA _913152 |
||
| 856 | _zRequest full-text at [email protected] | ||
| 942 | _2lcc | ||
| 942 | _cAR | ||
| 942 | _kJART 003114 | ||
| 999 |
_c9843 _d9843 |
||